Rau's respiratory care pharmacology / (Record no. 170994)

MARC details
000 -LEADER
fixed length control field 00754nam a22002415i 4500
001 - CONTROL NUMBER
control field 20949866
003 - CONTROL NUMBER IDENTIFIER
control field OSt
005 - DATE AND TIME OF LATEST TRANSACTION
control field 20240902152530.0
008 - FIXED-LENGTH DATA ELEMENTS--GENERAL INFORMATION
fixed length control field 190426s2019 mou 000 0 eng
020 ## - INTERNATIONAL STANDARD BOOK NUMBER
International Standard Book Number 9780323553643 (paperback.)
040 ## - CATALOGING SOURCE
Original cataloging agency NUST
Language of cataloging eng
Description conventions rda
Transcribing agency NUST
Modifying agency NUST
050 ## - LIBRARY OF CONGRESS CALL NUMBER
Classification number RM388.RAU
100 1# - MAIN ENTRY--PERSONAL NAME
Personal name Gardenhire, Douglas S.
245 10 - TITLE STATEMENT
Title Rau's respiratory care pharmacology /
Statement of responsibility, etc. Douglas S. Gardenhire.
250 ## - EDITION STATEMENT
Edition statement 10th edition.
260 ## - PUBLICATION, DISTRIBUTION, ETC.
Place of publication, distribution, etc. St. louis Missouri
Name of publisher, distributor, etc. Elservier
Date of publication, distribution, etc. ©2020
300 ## - PHYSICAL DESCRIPTION
Extent xii,465pages :
Other physical details illustration ;
Dimensions 26 cm
336 ## - CONTENT TYPE
Content type term text
Content type code txt
Source rdacontent
337 ## - MEDIA TYPE
Media type term unmediated
Media type code n
Source rdamedia
338 ## - CARRIER TYPE
Carrier type term volume
Carrier type code nc
Source rdacarrier
504 ## - BIBLIOGRAPHY, ETC. NOTE
Bibliography, etc. note Includes Index.
942 ## - ADDED ENTRY ELEMENTS (KOHA)
Source of classification or shelving scheme Library of Congress Classification
Suppress in OPAC No
Koha item type Ordinary Loan Books
Edition Tenth edition
Classification part RM388.
Call number prefix RM
Call number suffix RAU
Holdings
Withdrawn status Lost status Source of classification or shelving scheme Damaged status Not for loan Collection Home library Current library Shelving location Date acquired Source of acquisition Total Checkouts Full call number Barcode Date last seen Price effective from Koha item type Public note
    LCC     NFIC MEDICAL MEDICAL GEN 09/02/2024 Book Aid International   RM388.RAU 92004053070 09/02/2024 09/02/2024 BOOKS Donation